Pain management in Nursing practice

Saved in:
Bibliographic Details
Main Author: WRIGHT, Shelagh
Format: Book
Language:English
Published: Sage Publications 2015
Tags: Add Tag
No Tags, Be the first to tag this record!

MARC

LEADER 00000nam a22000007a 4500
008 210125b ||||| |||| 00| 0 eng d
020 |a 978-1-4462-8200-7 
100 |a WRIGHT, Shelagh. 
245 |a Pain management in Nursing practice  |c Shelagh Wright.  |g  xvii: 318p.; ill. 
260 |b Sage Publications  |c 2015  |h Los Angeles  |i 693291  |i 693292  |l RT87 .P35W93  |m Pain – Nursing  |m Pain – Treatment  |m Pain management – Nursing.  |m Analgesics – Therapeutic use 
942 |a lcc  |c BK  |e YUNUSA, A.A.  |f 25/01/2021 
952 |0 0  |1 0  |2 lcc  |4 0  |6 RT0087 P35 W93  |7 0  |9 1687  |a HOL  |b HE  |c QZ  |d 2021-01-25  |l 0  |o RT87 .P35W93  |p 2021-0471  |r 2021-01-25 00:00:00  |w 2021-01-25  |y BK 
952 |0 0  |1 0  |2 lcc  |4 0  |6 RT0087 P35 W93  |7 0  |9 1689  |a HOL  |b HOL  |c QZ  |d 2021-01-25  |l 0  |o RT87 .P35W93  |p 2021-0472  |r 2021-01-25 00:00:00  |w 2021-01-25  |y BK 
999 |c 897  |d 897